000 00684nam a2200217 i 4500
001 bgj
245 0 0 _aUnderstanding post-war britsh society /
_ned. by James Obelkevich and Peter Catterall.
260 _aLondon :
_bRoutledge,
_c1994
_aNew York.
300 _aXI, 213 pp :
_btables ;
_c24 cm.
504 _aBibliographical references after each chapter.
505 _aIncludes index.
651 9 _aGreat Britain
_xSocial conditions
_y1945-
700 1 _aObelkevich, James.
_eco-editor
700 1 _aCatteral, Peter.
_eco-editor
020 _a041510940X
040 _cBPK
041 0 _aeng
920 _a0-415-10940-X
942 _cKS
008 s uk f |000 0 eng
999 _c49269
_d49269
856 _uhttp://koha.tu.koszalin.pl/cgi-bin/koha/opac-detail.pl?biblionumber=49269
_yKatalog online BPK